000 00972nas a2200325 4500
001 BR2014005240
003 BR-BrBNA
005 20231205124425.0
007 ta
008 230509b bl.|||p| |||| 00| 00por d
040 _aBR-BrBNA
_bpor
_cBiblioteca Nacional de Agricultura
041 _a(En)
072 _aL73
100 1 _aCardoso, W.M.
100 1 _aGomes, L.P.
100 1 _aRomão, J.M.
100 1 _aSalles, R.P.R.
100 1 _aTeixeira, R.S.C.
100 1 _aSobral, M.H.N.R.
100 1 _aCamara, S.R.
100 1 _aOliveira, W.F.
245 1 _aAntibodies specific to infectious bronchitis in broilers in Ceará state, Brazil
650 _aFRANGO DE CORTE
650 _aANTICORPO
650 _aBRONQUITE
650 _aVACINA
773 0 _tArquivo Brasileiro de Medicina Veterinária e Zootecnia (Brazil)
_xISSN 0102-0935
_g(Jun 2006), v. 58(3) p. 327-332
_wBR2014005240
909 _a202311
_bLúcia
_c55
_dLúcia Elande
942 _2AGRIS
_n0
_cANA
999 _c239004
_d239004